ბათუმის შოთა რუსთაველის სახელმწიფო უნივერსიტეტის ბიბლიოთეკა

მეხილეობა საქართელოში / (ბიბ.ჩანაწერი № 44500)

000 -ლიდერი
ფიქსირებული სიგრძის საკონტროლო ველი 00925nam a2200193Ia 4500
001 - საკონტროლო ნომერი
საკონტროლო ველი 11298
003 - საკონტროლო ნომრის იდენტიფიკატორი
საკონტროლო ველი GE_BSU
005 - ბოლო ოპერაციის თარიღი და დრო
საკონტროლო ველი 20240530154817.0
008 - ფიქსირებული სიგრძის მონაცემთა ელემენტები - ზოგადი ინფორმაცია
ფიქსირებული სიგრძის საკონტროლო ველი 181216s1940||||ge |||||||||||||| ||geo||
040 ## - კატალოგიზაციის წყარო
Transcribing agency GE_BSU
041 ## - ენის კოდი
Language code of text/sound track or separate title geo
080 ## - უნივერსალური ათობითი კლასიფიკაციის ინდექსი
Universal Decimal Classification number 634(479.22) ბ–98
100 ## - მთავარი ჩანაწერი - პიროვნების სახელი
Personal name ბუჩუკური, ალ.
9 (RLIN) 22246
245 ## - ცნობა სათაურის შესახებ
Title მეხილეობა საქართელოში /
Statement of responsibility, etc ალ. ბუჩუკური; საქ. სსრ. მიწათმოქმედების სახალხო კომისარიატი. მეხილეობა-მებოსტნეობის სამმართველო.
264 ## - წარმოების, გამოცემის, დისტრიბუციის და სხვა ცნობები
გამოცემის, წარმოების, დისტრიბუციის... ადგილი თბილისი
გამოცემის, წარმოების, დისტრიბუციის... სახელწოდება სახელგამი, სას.-სამ. სექტორი,
გამოცემის, წარმოების, დისტრიბუციის... თარიღი 1940.
300 ## - ფიზიკური აღწერა
Extent 142 გვ.:
Other physical details ილ.;
Dimensions 22 სმ.
653 ## - INDEX TERM--UNCONTROLLED
Uncontrolled term მეხილეობა საქართელოში
942 ## - ADDED ENTRY ELEMENTS (KOHA)
Koha item type წიგნი
Source of classification or shelving scheme
ეგზემპლარები
ჩამოწერის სტატუსი დაკარგული ეგზემპლარის სტატუსი კლასიფიკაციის წყარო ან თაროზე გაწყობის სქემა დაზიანების სტატუსი არ გაიცემა მუდმივი მდებარეობა (დაცვის ადგილი) ამჟამინდელი ადგილსამყოფელი თაროზე განთავსების ადგილი შეძენის თარიღი ღირებულება, შესყიდვის ნორმალური ფასი სრული შენახვის შიფრი შტრიხკოდი ბოლო ოპერაციის თარიღი ეგზემპლარის მიმდევრობითი ნომერი (კეტერი?) ფასის ძალაში შესვლის თარიღი ეგზემპლარის სახეობა
          ბათუმის შოთა რუსთაველის სახელმწიფო უნივერსიტეტის მთავარი ბიბლიოთეკა ბათუმის შოთა რუსთაველის სახელმწიფო უნივერსიტეტის მთავარი ბიბლიოთეკა წიგნსაცავი 2018-12-17 0.00 634(479.22) ბ–98 19943 2018-12-17 19943 2018-12-17 წიგნი